000 00485nab a2200157Ia 4500
003 ES-SlBCS
005 20210601134054.0
008 140529s1989 xxu||||| |||| 00| 0 por d
041 _apor
100 1 _aClemente, Elvo
_9212695
245 0 0 _aPUCRS: 40 anos de cultura
_c Elvo Clemente, Norberto Francisco Rauch
650 0 4 _aUniversidad-Brasil
_9208978
700 1 _aRauch, Norberto Francisco
_9213097
773 0 _tVeritas
_gvol. 35, nº. 133, 1989, págs. 1-14
_wRev488
942 _cAR
999 _c606654
_d606654